00337nam a2200109Ia 4500008004100000082001500041100001600056245004000072942000600112952009600118999001300214240331s9999 xx 000 0 und d a299.9bMUL aMuller, F.M 0aTheosophy or psychologycal religion cL 001040708LaWERCLbWERCLcSSCd2024-03-31l0o 299.9 MULp562r2024-03-31w2024-03-31yL c948d948